| 000 | 00359nam a2200145Ia 4500 | ||
|---|---|---|---|
| 008 | 150201s2003 xx 000 0 und d | ||
| 082 |
_a612.015 _bB2003M |
||
| 100 | _aMALHOTRA V.K | ||
| 245 | _aBIOCHEMISTRY FOR STUDENTS | ||
| 250 | _a11TH | ||
| 260 |
_bJAYPEE MEDICAL PUBLISHER _aDELHI _c2003 |
||
| 300 | _a1-392 | ||
| 650 | _aBIOCHEMISTRY | ||
| 942 |
_2ddc _cBK |
||
| 999 |
_c3632 _d3632 |
||